Wechsepspiel : Sprechanläse für die Partnerarbeit im kommunikativen Deutschunterricht Arbeitsblätter für Anfänger und Fortgeschrittene /

Gespeichert in:
Bibliographische Detailangaben
Hauptverfasser: Dreke, Michael (Verfasst von), Lind, Wolfgang (Verfasst von)
Format: Buch
Sprache:Deutsch
Veröffentlicht: Berlin : Langenscheidt, 1986
Schlagworte:
Tags: Tag hinzufügen
Keine Tags, Fügen Sie das erste Tag hinzu!

MARC

LEADER 00000nam a22000003a 4500
001 stu2960
005 20150617225615.9
008 930122s1986----gw------------------ger-d
020 |a 3-468-49994-9 
040 |a STU  |b slo 
041 0 |a ger 
044 |a gw 
080 |a 803.0-5(076) 
100 1 |a Dreke, Michael  |4 aut 
245 1 |a Wechsepspiel :  |b Sprechanläse für die Partnerarbeit im kommunikativen Deutschunterricht Arbeitsblätter für Anfänger und Fortgeschrittene /  |c [aut.] Dreke,Michael; Lind,Wolfgang 
260 |a Berlin :  |b Langenscheidt,  |c 1986 
300 |a 160.00 Kčs 
650 7 |a nemčina  |2 stusub 
700 1 |a Lind, Wolfgang  |4 aut 
996 |b E77784  |c E*77784  |l EE18  |s P  |a 0  |w stu2960_0001